Sri sri anandmaye prasang, pt.1 and pt.2 (Record no. 517110)

000 -LEADER
fixed length control field 00305nam a22000977a 4500
082 ## - DEWEY DECIMAL CLASSIFICATION NUMBER
Classification number TNC A45 D954
100 ## - MAIN ENTRY--PERSONAL NAME
Personal name Duttgupt, Amulyakumar
9 (RLIN) 24464
245 ## - TITLE STATEMENT
Title Sri sri anandmaye prasang, pt.1 and pt.2
Statement of responsibility, etc By Amulyakumar, Duttgupt
260 ## - PUBLICATION, DISTRIBUTION, ETC. (IMPRINT)
Place of publication, distribution, etc calcutta
Name of publisher, distributor, etc sri sri anandmaye cheritable society
Date of publication, distribution, etc 1982
300 ## - PHYSICAL DESCRIPTION
Extent 368p.
Holdings
Withdrawn status Lost status Source of classification or shelving scheme Damaged status Koha normalized classification for sorting Not for loan Permanent location Current location Date acquired Full call number Barcode Date last seen Price effective from Koha item type
        TNC_A45_D954   Indian Institute of Public Administration Indian Institute of Public Administration 2021-07-01 TNC A45 D954 Gr23592 2021-07-01 2021-07-01 GR

Powered by Koha